| 000 | 00720nam a2200193 a 4500 | ||
|---|---|---|---|
| 005 | 20140412111312.0 | ||
| 008 | 010326s19uu xx 00 eng d | ||
| 020 | _a0-7835-1302-X | ||
| 050 |
_aREF 170 _bC54Pi v.3 |
||
| 245 |
_aPippo learns a lesson : _ba book about being kind to others. |
||
| 260 |
_aAsia : _bTime Life Asia, _c1997. |
||
| 300 | _a29 p. ; ill. | ||
| 440 | _aA Child's First Library of Values | ||
| 500 | _aw/ casette tape | ||
| 520 | _aPippo is a very naughty boy who catches a lizard and plays a trick on his sister. Later, a frightening dinosaur dream makes him understand why he should be kind to people and animals. | ||
| 650 | _aValues | ||
| 650 | _aKindness - Fiction | ||
| 999 |
_c104019 _d104019 |
||